01003cam a2200253 a 450000100090000000300040000900500170001300800410003001000170007102000310008802000280011903500240014704000470017105000240021808200250024210000240026724501280029126000370041930000320045644001050048850000080059350501320060165000160073316344023OSt20180116183059.0100722s2011 nyua 000 0 eng  a 2010029962 a9780071752251 (alk. paper) a0071752250 (alk. paper) a(OCoLC)ocn613427926 aDLCcDLCdYDXdBTCTAdCDXdYDXCPdOQXdDLC00aGV1507.W8bT48 201100a793.734 TIM 20102221 aTimmerman, Charles.10aExercise your executive brain :b500 games, puzzles, and activities to get in mental shape on the job /cCharles Timmerman. aNew York :bMcGraw-Hill,cc2011. ax, 354 p. :bill. ;c23 cm. aExercise your executive brain :500 games, puzzles, and activities to get in mental shape on the job  aPB.0 aAnagrams -- Speedy mazes -- Cryptograms -- Word search -- Inky pinkys -- Sudoku -- What's in a name? -- Dropouts -- Crosswords. 0aWord games.